000 01022nam a2200265 i 4500
001 170576
003 ES-MaACL
005 20251120063147.0
008 090318s1964 sp |||| | spa d
080 _a821.134.2 Balmes, Jaime
080 _a929 Balmes, Jaime
100 1 _aBalmes, Jaime,
_d1810-1848
_925096
245 1 0 _aJaime Balmes :
_bestudio y antología /
_cpor Federico Carlos Sainz de Robles.
260 _aMadrid :
_bCompañía Bibliográfica Española,
_c[1964]
300 _a222 p. ;
_c20 cm.
490 1 _aUn autor en un libro ;
_v18
504 _aBibliografía: p. 215-222.
600 1 4 _aBalmes, Jaime,
_d1810-1848-
_xCrítica e interpretación
_925097
700 1 _aSainz de Robles, Federico Carlos,
_d1898-1982
_9101593
710 2 _aCompañía Bibliográfica Española.
_9171207
830 1 _aUn autor en un libro ;
_v18
_9182717
852 4 _aES-MaACL
_jE-12536
_z- Biblioteca Jacinto Martínez Lacalle
852 _aES-MaACL
_jE-13441
_xOlim P-651-bis
999 _c170576
_d170576